[Event "July 1800+"]
[Site "SchemingMind.com"]
[Date "2015.07.30"]
[Round "-"]
[White "Glenn O'Brien"]
[Black "Geoffrey Rosser"]
[Result "1-0"]
[WhiteCountry "AUS"]
[BlackCountry "ENG"]
[WhiteElo "2013"]
[WhiteRD "68"]
[BlackElo "1839"]
[BlackRD "77"]
[GameID "384065"]

1. e4 e5 2. Nf3 Nc6 3. Bb5 Nf6 4. O-O Nxe4 5. d4 Nd6 6. Bxc6 dxc6 7. dxe5 Nf5 8. Qxd8+ Kxd8 9. Nc3 h6 10. h3 Bd7
11. b3 Bc5 12. Rd1 Kc8 13. Ne4 Be7 14. g4 Nh4 15. Nxh4 Bxh4 16. f4 Be7 17. f5 c5 18. Be3 b6 19. Rd3 Bb5 20. c4 Bc6
21. Nc3 Kb7 22. Nd5 Rad8 23. Rad1 Bg5 24. Bf2 Rde8 25. Bg3 h5 26. h4 Be7 27. g5 Bd8 28. Bh2 Bd7 29. Nxc7 Bxc7 30. Rxd7 Rd8
31. e6 Rxd7 32. Rxd7 Rc8 33. exf7
1-0

[Event "July 1800+"]
[Site "SchemingMind.com"]
[Date "2015.07.30"]
[Round "-"]
[White "Geoffrey Rosser"]
[Black "Glenn O'Brien"]
[Result "0-1"]
[WhiteCountry "ENG"]
[BlackCountry "AUS"]
[WhiteElo "1855"]
[WhiteRD "78"]
[BlackElo "2051"]
[BlackRD "67"]
[GameID "384066"]

1. Nf3 d5 2. b3 Nf6 3. Bb2 e6 4. e3 c5 5. c4 Nc6 6. d4 cxd4 7. Nxd4 Bb4+ 8. Nc3 Qa5 9. Nb5 Ne4 10. Qc1 d4
11. exd4 Nxc3 12. Bxc3 Nxd4 13. Bxb4 Qxb4+ 14. Nc3 O-O 15. Bd3 Rd8 16. O-O b5 17. Qe1 Bb7 18. cxb5 Nf3+ 19. gxf3 Rxd3 20. Ne4 Qxb5
21. Rc1 Rxf3 22. Rc5 Qd3 23. Rc4 Bd5 24. Rb4 Rf4
0-1

[Event "July 1800+"]
[Site "SchemingMind.com"]
[Date "2015.07.30"]
[Round "-"]
[White "Glenn O'Brien"]
[Black "GBEDARD"]
[Result "0-1"]
[WhiteCountry "AUS"]
[BlackCountry "USA"]
[WhiteElo "2012"]
[WhiteRD "68"]
[BlackElo "2100"]
[BlackRD "68"]
[GameID "384067"]

1. e4 e5 2. Nf3 Nc6 3. Bb5 a6 4. Ba4 Nf6 5. O-O Be7 6. Re1 b5 7. Bb3 d6 8. c3 O-O 9. h3 Na5 10. Bc2 c5
11. d4 Qc7 12. Nbd2 cxd4 13. cxd4 Nc6 14. Nb3 a5 15. Be3 a4 16. Nbd2 Bd7 17. Rc1 Qb7 18. Qe2 Rfe8 19. Bd3 Rab8 20. dxe5 Nxe5
21. Nxe5 dxe5 22. Bc5 Bc6 23. Nf3 Nd7 24. Bxe7 Rxe7 25. Qd2 Re6 26. Bb1 Nf6 27. Qb4 Ree8 28. Rc5 Nd7 29. Rc3 Nf6 30. Nh4 Bd7
31. Nf3 Rbc8 32. Rxc8 Qxc8 33. Bd3 Nh5 34. Rd1 Qc6 35. Bf1 Nf6 36. g4 Qc8 37. Rd6 h5 38. gxh5 Bxh3 39. Nh2 Bxf1 40. Nxf1 Qc2
41. Qxb5 Ra8 42. Qxe5 Re8 43. Qb5 Qxe4 44. f3 Qe1 45. Qxa4 Qe5 46. Qb4 Qxh5 47. Kf2 Qf5 48. Nd2 Qe5 49. Ne4 Nxe4+ 50. fxe4 Qf4+
51. Kg1 Rxe4 52. Rd8+ Kh7 53. Qc3 Qg5+ 54. Kf2 Qxd8
0-1

[Event "July 1800+"]
[Site "SchemingMind.com"]
[Date "2015.07.31"]
[Round "-"]
[White "GBEDARD"]
[Black "Glenn O'Brien"]
[Result "1-0"]
[WhiteCountry "USA"]
[BlackCountry "AUS"]
[WhiteElo "2117"]
[WhiteRD "68"]
[BlackElo "2013"]
[BlackRD "68"]
[GameID "384068"]

1. e4 e5 2. Nf3 Nc6 3. Bb5 a6 4. Ba4 Nf6 5. O-O Be7 6. Re1 b5 7. Bb3 O-O 8. c3 d6 9. h3 Na5 10. Bc2 c5
11. d4 Qc7 12. Nbd2 cxd4 13. cxd4 Nc6 14. Nb3 a5 15. Be3 a4 16. Nbd2 Bd7 17. Rc1 Qb7 18. Qe2 Rfe8 19. Bd3 Rab8 20. dxe5 dxe5
21. a3 h6 22. Bc5 Nh5 23. Bxe7 Rxe7 24. Rc5 Nf4 25. Qe3 Qa6 26. Rec1 f6 27. Bf1 Nd8 28. Rc7 Rb7 29. R7c5 Nde6 30. R5c3 Ng5
31. Nxg5 hxg5 32. b4 Qd6 33. Nf3 Re8 34. h4 gxh4 35. Nxh4 g5 36. Nf5 Bxf5 37. exf5 Qd7 38. Qe4 Rd8 39. Rc5 Rdb8 40. g3 Nh5
41. Rc6 Rb6 42. Rc7 Qd6 43. Qh1 Ng7 44. R1c5 Rd8 45. Qh6 Qf8 46. Bxb5 Rxb5 47. Rxb5 Rc8 48. Rbb7 Rxc7 49. Rxc7
1-0

[Event "July 1800+"]
[Site "SchemingMind.com"]
[Date "2015.07.30"]
[Round "-"]
[White "Glenn O'Brien"]
[Black "Stephen Woodhouse"]
[Result "1-0"]
[WhiteCountry "AUS"]
[BlackCountry "ENG"]
[WhiteElo "2051"]
[WhiteRD "67"]
[BlackElo "1854"]
[BlackRD "48"]
[GameID "384069"]

1. e4 e6 2. d4 d5 3. Nc3 Nf6 4. Bg5 dxe4 5. Nxe4 Be7 6. Bxf6 Bxf6 7. Nf3 O-O 8. Qd2 Nd7 9. O-O-O b6 10. Bc4 Bb7
11. Qf4 c5 12. d5 exd5 13. Bxd5 Bxd5 14. Rxd5 Qe7 15. Re1 Rad8 16. Rf5 Bd4 17. Ned2 Ne5 18. Nxe5 Bxe5 19. Rfxe5 Qd6 20. Nf3 f6
21. Qc4+
1-0

[Event "July 1800+"]
[Site "SchemingMind.com"]
[Date "2015.07.30"]
[Round "-"]
[White "Stephen Woodhouse"]
[Black "Glenn O'Brien"]
[Result "0-1"]
[WhiteCountry "ENG"]
[BlackCountry "AUS"]
[WhiteElo "1854"]
[WhiteRD "48"]
[BlackElo "2051"]
[BlackRD "67"]
[GameID "384070"]

1. e4 e5 2. Nf3 Nc6 3. d4 exd4 4. Nxd4 Bc5 5. Be3 Qf6 6. c3 Nge7 7. Bc4 Ne5 8. Be2 Qg6 9. O-O d6 10. f4 Qxe4
11. Bf2 Bxd4 12. cxd4 N5g6 13. Nc3 Qxf4 14. Nb5 O-O 15. Nxc7 Rb8 16. d5 b6 17. Nb5 Rb7 18. Bg3 Qb4 19. Nxd6 Rd7 20. Nxc8 Nxc8
21. Bg4 Rdd8 22. Bf3 Qxb2 23. Bc7 Rd7 24. d6 Qe5 25. Re1 Qc5+ 26. Kh1 Nxd6 27. Rc1 Ne4 28. Qe2 Nc3 29. Qc2 Rxc7
0-1

[Event "July 1800+"]
[Site "SchemingMind.com"]
[Date "2015.07.30"]
[Round "-"]
[White "Glenn O'Brien"]
[Black "frankly"]
[Result "0-1"]
[WhiteCountry "AUS"]
[BlackCountry "ENG"]
[WhiteElo "2051"]
[WhiteRD "67"]
[BlackElo "2460"]
[BlackRD "56"]
[GameID "384071"]

1. e4 e5 2. Nf3 Nc6 3. Bb5 a6 4. Ba4 b5 5. Bb3 Nf6 6. O-O Bb7 7. Re1 Bd6 8. c3 O-O 9. d4 h6 10. Nbd2 Re8
11. Bc2 Bf8 12. d5 Na7 13. c4 c6 14. b3 Bc5 15. Nf1 Nc8 16. Be3 Bb4 17. Bd2 a5 18. Bxb4 axb4 19. Ne3 Nd6 20. Qb1 Qb6
21. Qb2 Nfxe4 22. Nxe5 cxd5 23. Bxe4 Nxe4 24. Nxd5 Bxd5 25. cxd5 Nc3 26. a3 Qd4 27. Nf3 Rxe1+ 28. Rxe1 bxa3 29. Qa1 Qb4 30. d6 Qxb3
31. Nd4 Qc4 32. Nf5 b4 33. Re3 b3 34. Nxh6+ gxh6
0-1

[Event "July 1800+"]
[Site "SchemingMind.com"]
[Date "2015.07.30"]
[Round "-"]
[White "frankly"]
[Black "Glenn O'Brien"]
[Result "1-0"]
[WhiteCountry "ENG"]
[BlackCountry "AUS"]
[WhiteElo "2460"]
[WhiteRD "56"]
[BlackElo "2051"]
[BlackRD "67"]
[GameID "384072"]

1. d4 Nf6 2. Nf3 g6 3. c4 Bg7 4. Nc3 O-O 5. e4 d6 6. h3 e5 7. d5 a5 8. Bd3 Na6 9. O-O Nc5 10. Bc2 Nh5
11. Bg5 Qe8 12. Nb5 Qd7 13. Qd2 b6 14. a4 f5 15. exf5 gxf5 16. Qe2 Nf6 17. Be3 Nfe4 18. Ra3 c6 19. dxc6 Qxc6 20. Rd1 Rf6
21. Nh4 f4 22. Bxc5 Nxc5 23. Rd5 Bf8 24. Rxc5 Qxc5 25. Qe4 Rh6 26. Qxa8 Rxh4 27. Nc3 Be6 28. Qd8 Rh6 29. Rb3 Qxc4 30. Rxb6 Qc8
31. Qg5+ Kf7 32. Be4 Bd7 33. Bb7 Qc7 34. Bd5+ Ke8 35. Qg8 Rf6 36. Ne4 Rf5 37. Rb7 Qc1+ 38. Kh2 Kd8 39. Bf7 Ke7 40. Be6
1-0

[Event "July 1800+"]
[Site "SchemingMind.com"]
[Date "2015.07.30"]
[Round "-"]
[White "Glenn O'Brien"]
[Black "xarxziux"]
[Result "1/2-1/2"]
[WhiteCountry "AUS"]
[BlackCountry "IRL"]
[WhiteElo "2012"]
[WhiteRD "68"]
[BlackElo "1955"]
[BlackRD "66"]
[GameID "384073"]

1. e4 d6 2. d4 Nf6 3. Nc3 e5 4. Nf3 Nbd7 5. Bc4 Be7 6. O-O O-O 7. Re1 c6 8. a4 a5 9. h3 Nb6 10. Ba2 Nfd7
11. Be3 exd4 12. Qxd4 Nc5 13. Rad1 Be6 14. Bxe6 fxe6 15. e5 d5 16. Qg4 Qe8 17. b3 Qf7 18. Ng5 Qg6 19. Nxe6 Qxg4 20. hxg4 Nxe6
21. Bxb6 Bb4 22. Ne2 Bxe1 23. Rxe1 g5 24. Rd1 Ra6 25. Be3 b5 26. axb5 cxb5 27. Rxd5 a4 28. Nd4 Nxd4 29. Bxd4 a3 30. Ba1 b4
31. f3 Rc8 32. Rd2 Rac6 33. Kh2 Rxc2 34. Rd5 Rb2 35. e6 Rxb3 36. Bf6 h6 37. Rd7 Re3 38. Rg7+ Kf8 39. Rf7+ Kg8=
1/2-1/2

[Event "July 1800+"]
[Site "SchemingMind.com"]
[Date "2015.07.31"]
[Round "-"]
[White "xarxziux"]
[Black "Glenn O'Brien"]
[Result "1/2-1/2"]
[WhiteCountry "IRL"]
[BlackCountry "AUS"]
[WhiteElo "1943"]
[WhiteRD "71"]
[BlackElo "1968"]
[BlackRD "69"]
[GameID "384074"]

1. Nf3 d5 2. g3 Nf6 3. Bg2 c6 4. O-O Bg4 5. d4 Nbd7 6. Nbd2 e6 7. Re1 Be7 8. e4 dxe4 9. Nxe4 Nxe4 10. Rxe4 Nf6
11. Re1 O-O 12. c3 Qb6 13. h3 Bxf3 14. Bxf3 Rfd8 15. Qb3 Rd7 16. Bf4 Nd5 17. Bxd5 cxd5 18. Qxb6 axb6 19. a3 Bd6 20. Bxd6 Rxd6
21. Re5 f6 22. Re2 Rad8 23. Rae1 Kf7 24. f4 R8d7 25. Kf2 Rc7 26. Kf3 b5 27. g4 g6 28. h4 Rdc6 29. f5 gxf5 30. gxf5 Re7
31. Kf4 h5 32. Rg2 e5+ 33. dxe5 Rc4+ 34. Kf3 Rxe5 35. Rxe5 fxe5 36. Rg6 Rxh4 37. Rb6 Rf4+ 38. Kg3 Rxf5 39. Rxb7+ Kg6 40. Rxb5 e4
41. Rb8 Kf7 42. Rb7+ Ke6 43. Rb6+ Ke7 44. Rb7+ Ke8 45. Rb8+ Kd7 46. Rb7+ Kd6 47. Rb6+ Kc5 48. Re6 Kc4 49. a4 Kb3 50. a5 Kxb2
51. Rc6 Re5 52. Kf2 h4 53. a6 Re7 54. Rd6 h3 55. Rxd5 Kxc3 56. Ke3 Rh7 57. a7 Rxa7 58. Rh5 Re7 59. Rxh3 Kb4 60. Rh4 Re8
61. Rxe4+ Rxe4+ 62. Kxe4
1/2-1/2